<?xml version="1.0" encoding="UTF-8"?><?xml-stylesheet type="text/xsl" href="static/style.xsl"?><OAI-PMH xmlns="http://www.openarchives.org/OAI/2.0/" xmlns:xsi="http://www.w3.org/2001/XMLSchema-instance" xsi:schemaLocation="http://www.openarchives.org/OAI/2.0/ http://www.openarchives.org/OAI/2.0/OAI-PMH.xsd"><responseDate>2026-04-13T06:47:46Z</responseDate><request verb="GetRecord" identifier="oai:www.recercat.cat:10459.1/466169" metadataPrefix="marc">https://recercat.cat/oai/request</request><GetRecord><record><header><identifier>oai:recercat.cat:10459.1/466169</identifier><datestamp>2025-09-16T05:04:14Z</datestamp><setSpec>com_2072_3622</setSpec><setSpec>col_2072_478537</setSpec></header><metadata><record xmlns="http://www.loc.gov/MARC21/slim" xmlns:dcterms="http://purl.org/dc/terms/" xmlns:xsi="http://www.w3.org/2001/XMLSchema-instance" xmlns:doc="http://www.lyncode.com/xoai" xsi:schemaLocation="http://www.loc.gov/MARC21/slim http://www.loc.gov/standards/marcxml/schema/MARC21slim.xsd">
   <leader>00925njm 22002777a 4500</leader>
   <datafield ind2=" " ind1=" " tag="042">
      <subfield code="a">dc</subfield>
   </datafield>
   <datafield ind2=" " ind1=" " tag="720">
      <subfield code="a">Silland Alonso, Paula</subfield>
      <subfield code="e">author</subfield>
   </datafield>
   <datafield ind2=" " ind1=" " tag="260">
      <subfield code="c">2024-06</subfield>
   </datafield>
   <datafield ind2=" " ind1=" " tag="520">
      <subfield code="a">Durant el transcurs del meu grau en Tècniques d'Interacció Digital i de Computació, he observat un creixent interès pel que fa a l'experiència d'usuari en entorns digitals. 
Aquest treball de fi de grau té l'objectiu de realitzar un estudi detallat sobre l'experiència i usabilitat de la banca digital, enfocant-se específicament en les persones en risc d'exclusió digital, incloent-hi usuaris de tercera edat i amb diversitat funcional. Aquest objectiu és important perquè aquests col·lectius sovint són oblidats en el procés del disseny digital.

El TFG presenta una anàlisi comparativa entre diferents entitats bancàries per identificar les barreres específiques amb les quals es troben aquests usuaris i per analitzar els seus punts forts i febles en la implementació del disseny inclusiu. A partir d'aquest anàlisi, es desenvolupen solucions dirigides a millorar l'experiència d'usuari d'aquest col·lectiu, facilitant així l'accés i ús dels serveis bancaris digitals. 

Per tal de dur a terme la recerca, s'han realitzat les següents activitats:
• S'han fet entrevistes detallades amb usuaris de tercera edat i persones amb diversitat funcional per entendre les seves necessitats, barreres i expectatives envers la banca digital.
• S'han organitzat tallers col·laboratius amb l'associació Àuria, que treballa amb persones amb diversitat funcional, per avaluar i discutir solucions de disseny inclusiu.
• S'han realitzat tests A/B per comparar diferents dissenys de solucions digitals i s'han dut a terme cicles de testeig iteratius per refinar i millorar aquestes solucions basant-se en el feedback dels usuaris.
Els principals resultats indiquen que hi ha diferències significatives entre les entitats bancàries en termes d'inclusió digital i que hi ha àrees concretes on es pot millorar. En general, els resultats indiquen que és possible dissenyar solucions més inclusives que 
millorin l'experiència d'usuari per a les persones en risc d'exclusió digital.

Aquest treball contribueix a la inclusió digital, assegurant que la banca digital sigui accessible per a tothom, independentment de les seves capacitats o condicions.</subfield>
   </datafield>
   <datafield tag="653" ind2=" " ind1=" ">
      <subfield code="a">Experiència d'usuari</subfield>
   </datafield>
   <datafield tag="653" ind2=" " ind1=" ">
      <subfield code="a">Accessibilitat</subfield>
   </datafield>
   <datafield tag="653" ind2=" " ind1=" ">
      <subfield code="a">Banca digital</subfield>
   </datafield>
   <datafield tag="653" ind2=" " ind1=" ">
      <subfield code="a">Exclusió social</subfield>
   </datafield>
   <datafield tag="653" ind2=" " ind1=" ">
      <subfield code="a">Disseny inclusiu</subfield>
   </datafield>
   <datafield ind2="0" ind1="0" tag="245">
      <subfield code="a">A case study of inclusive design: towards optimizing digital banking for users at risk of social exclusion</subfield>
   </datafield>
</record></metadata></record></GetRecord></OAI-PMH>